LEADER 00919nam a22002531i 4500 001 991001900629707536 005 20030821185543.0 008 030925s1970 it a||||||||||||||||ita 035 $ab12213597-39ule_inst 035 $aARCHE-026124$9ExL 040 $aBiblioteca Interfacoltà$bita$cA.t.i. Arché s.c.r.l. Pandora Sicilia s.r.l. 082 04$a952 100 1 $aGiovannini, Giovanni$025276 245 10$aGiappone :$bun'ipoteca sul domani /$cGiovanni Giovannini ... [et al.] 260 $aTorino :$bSEI,$c1970 300 $a165 p. :$bill. ;$c20 cm 440 0$aMondodoggi 650 4$aGiappone$xStoria$xSec. 20. 907 $a.b12213597$b02-04-14$c08-10-03 912 $a991001900629707536 945 $aLE002 St. VII B 17$g1$i2002000688804$lle002$o-$pE0.00$q-$rl$s- $t0$u0$v0$w0$x0$y.i12593230$z08-10-03 996 $aGiappone$9155411 997 $aUNISALENTO 998 $ale002$b08-10-03$cm$da $e-$fita$git $h0$i1 LEADER 00844nam a2200229 i 4500 001 991003416909707536 008 171113s1984 fr 000 0 fre d 020 $a222731057X 035 $ab14330593-39ule_inst 040 $aBibl. Interfacoltà T. Pellegrino$bita 082 04$a273.9 100 1 $aPoulat, Émile$0436044 245 10$aCritique et mystique :$bautour de Loisy, ou, la conscience catholique et l'esprit moderne /$cEmile Poulat 260 $aParis :$bLe Centurion,$cc1984 300 $a336 p. ;$c23 cm 600 14$aLoisy, Alfred 907 $a.b14330593$b13-11-17$c13-11-17 912 $a991003416909707536 945 $aLE002 Fondo Roggerone 047$g1$lle002$og$pE5.00$q-$rn$so $t0$u0$v0$w0$x0$y.i15821419$z13-11-17 996 $aCritique et mystique$91502969 997 $aUNISALENTO 998 $ale002$b13-11-17$cm$da $e $ffre$gfr $h0$i0